000 00344nam a2200133Ia 4500
008 191201s1996 xx 000 0 und d
100 _aPATTABHIRAM, T K
245 0 _aSpinning Fundamentals of Man Made Fabric
250 _a1st
260 _aN.Delhi
_bMahajan Book Distributors
_c1996
300 _a150
650 _aB.Tech(TE)
942 _2ddc
_cBK
999 _c2573
_d2573